Регионална библиотека "Любен Каравелов" - Русе

Жозефин Бекер (Запис номер 116026)

MARC детайли
000 -Лидер
Контролно поле с фиксирана дължина 02075nam a2200445 a 4500
003 - Код на организацията, давaща контролен номер
Контролно поле BLK
005 - Дата и час на последна редакция
Контролно поле 20231204170028.0
008 - Елементи от данни с фиксирана дължина
fixed length control field 180409b bul|||||r ||||||| ||bul||
010 ## - Наследен системен номер
LC control number KNG00121554000
040 ## - Източник на каталожния запис
Идентификатор на билиотеката - собственик на записа BLK
041 ## - Код за език
Код за езика на текст/звукозапис или на отделно заглавие Български
Код за езика КДБФ Български
080 ## - УДК
Текстов определител УДК Актьори, театрални
УДК код - определител по УДК 792.071.2
УДК определител (44)(092)
УДК - код + определител 792.071.2(44)(092)
080 ## - УДК
Текстов определител УДК Естрада. Вариете. Кабаре. Ревю. Театри на мимиката и жеста. Пантомима
УДК код - определител по УДК 792.7
УДК - код + определител 792.7
080 ## - УДК
Текстов определител УДК Френска актриса, певица и танцьорка
УДК код - определител по УДК 929 Бекер, Жозефин
УДК - код + определител 929 Бекер, Жозефин
100 1# - Редна дума - Автор
Автор Бекер, Жозефин
Авторска отговорност първи автор
R(LIN) 314462
139 ## - Редно поле
Редна дума Бекер, Жозефин и др.
Авторски знак Без - Б 32
245 10 - Сведения за заглавието
Заглавие Жозефин Бекер
Редно поле (дума) Жозефин Бекер, Жозеф Буйон; прев. от фр. Никола Ненов Шивачев.
257 ## - Страна на издаване
Страна на създаване/издаване Франция
260 ## - Област на издателските данни
Място на издаване, разпространение и проч. София
Име на издателя, разпространителя и проч. Музика
Година на издаване 1984
Печатница Ямбол : Г. Димитров
300 ## - Физическа характеристика
Страници 496 с., 16 л.
Илюстрации и др. портр., ил.
Размери/Мащаб 20 см
380 ## - Жанр
Жанр Изкуство
490 ## - СЕРИИ (Колекции)
Име на серия Книги за бележити музиканти
9 (RLIN) 204239
500 ## - Общи забележки
Забележка Ориг. загл. Josephine / Josephine Baker, Jo Bouillon. - В библиогр. каре втория авт. е означен Жозеф Буйон. - 86 106 тир.
600 14 - Име на лице, използвано като предмет
За него / За нея Бекер, Жозефин
9 (RLIN) 376368
650 #4 - Допълнително описание по предмет – тема
Основно описание – тема или топоним Актьори, френски
9 (RLIN) 303579
650 #4 - Допълнително описание по предмет – тема
Основно описание – тема или топоним Певци, френски
9 (RLIN) 313527
651 #4 - Допълнително описание по предмет - топоним
Географско понятие Франция
9 (RLIN) 179722
653 ## - Ключова дума – ненормативна
Ключова дума актьори
653 ## - Ключова дума – ненормативна
Ключова дума певци
653 ## - Ключова дума – ненормативна
Ключова дума джаз
700 1# - Други автори (авторска отговорност)
Лично име Буйон, Жозеф
Автороска отговорност (Описва отношението между автора и произведението) съавт.
9 (RLIN) 43739
700 1# - Други автори (авторска отговорност)
Лично име Шивачев, Никола Ненов
Автороска отговорност (Описва отношението между автора и произведението) прев. от фр.
9 (RLIN) 376065
852 ## - Местоположение
Форматна сигнатура Цб 128331
856 4# - Електронен адрес и достъп
Електронен формат pdf - файл
Инструкция (цена за достъп) 0.00
Права за достъп disable
856 4# - Електронен адрес и достъп
Електронен формат pdf - файл
Инструкция (цена за достъп) 0.00
Права за достъп disable
999 ## - СИСТЕМНИ КОНТРОЛНИ НОМЕРА
Koha biblionumber 116026
Koha biblioitemnumber 116026
942 ## - АРТИКУЛИ
Вид на библиотечния материал Книги
Скрит в OPAC Не
Периодичен библиозапис Да
Koha issues (borrowed), all copies 1
944 ## - СЪЗДАВАНЕ И РЕДАКЦИЯ на ЗАПИСА
Създаване/Редакция Създаване
Дата на регистрацията/редакция 01.03.2011
Статус, дата на статуса Диана Гривева
Служител, извършил регистрацията/редакцията 30529
944 ## - СЪЗДАВАНЕ И РЕДАКЦИЯ на ЗАПИСА
Създаване/Редакция Редакция
Дата на регистрацията/редакция 2023-05-12
Статус, дата на статуса 2023-05-12
Служител, извършил регистрацията/редакцията ир
999 ## - СИСТЕМНИ КОНТРОЛНИ НОМЕРА
Koha biblioitemnumber 116026
Наличности
Код за отписване Код за изгубен артикул Източник на класификационната схема Код за повреда Коз за рестрикции Код за отдаване Артикулен № Име на библиотеката - собственик Име на библиотеката, в която се намира в момента Статус (Текущо местоположение) Дата на вписване в системата Местоположение - отдел Цена в лева Инвентарен номер Систематично азбучна сигнатура Баркод Номер на екземпляра Цена в евро Служебна бележка Служебен тип на артикула
  Не е изгубен Universal Decimal Classification Не е повреден без рестрикции заемане за дома 186727 Регионална библиотека "Любен Каравелов" Русе Регионална библиотека "Любен Каравелов" Русе Отдел Изкуство - подръчен фонд 1984-01-01 Отдел Изкуство - подръчен фонд 2.95 410642 792(092)/Б 32 120000410642 1 1.51 N: стар фонд Дата: 01.01.1984 Дата инв: 18.06.2012 Бележки инв: * Книги
  Не е изгубен Universal Decimal Classification Не е повреден само за читалня ползва се в читалня 186728 Регионална библиотека "Любен Каравелов" Русе Регионална библиотека "Любен Каравелов" Русе Хранилище 1984-01-01 Хранилище 2.95 412068 Цб 128331 900000012191 2 1.51 N: стар фонд Дата: 01.01.1984 Книги
Изтеглен Не е изгубен Universal Decimal Classification Не е повреден без рестрикции заемане за дома 186729 Регионална библиотека "Любен Каравелов" Русе Регионална библиотека "Любен Каравелов" Русе Отдел Изкуство - подръчен фонд 1984-01-01 Отдел Изкуство - подръчен фонд 2.95 410627 792(092)/Б 32 410627 3 1.51 N: стар фонд Дата: 01.01.1984 Книги
Изтеглен Не е изгубен   Не е повреден без рестрикции заемане за дома 186730 Регионална библиотека "Любен Каравелов" Русе Регионална библиотека "Любен Каравелов" Русе Отчислена 1984-01-01 Отдел Изкуство - подръчен фонд 0.00 410628 ИП 792(092)/Б 32 410628 4 0.00 N: стар фонд Дата: 01.01.1984 Книги
Изтеглен Не е изгубен   Не е повреден без рестрикции заемане за дома 186731 Регионална библиотека "Любен Каравелов" Русе Регионална библиотека "Любен Каравелов" Русе Отчислена 1984-01-01 Отдел Изкуство - подръчен фонд 0.00 410629 ИП 792(092)/Б 32 410629 5 0.00 N: стар фонд Дата: 01.01.1984 Книги
Изтеглен Не е изгубен   Не е повреден без рестрикции заемане за дома 186732 Регионална библиотека "Любен Каравелов" Русе Регионална библиотека "Любен Каравелов" Русе Отчислена 1984-01-01 Отдел Изкуство - подръчен фонд 0.00 410631 ИП 792(092)/Б 32 410631 6 0.00 N: стар фонд Дата: 01.01.1984 Книги
Изтеглен Не е изгубен   Не е повреден без рестрикции заемане за дома 186733 Регионална библиотека "Любен Каравелов" Русе Регионална библиотека "Любен Каравелов" Русе Отчислена 1984-01-01 Отдел Изкуство - подръчен фонд 0.00 410632 ИП 792(092)/Б 32 410632 7 0.00 N: стар фонд Дата: 01.01.1984 Книги
Изтеглен Не е изгубен Universal Decimal Classification Не е повреден без рестрикции заемане за дома 186734 Регионална библиотека "Любен Каравелов" Русе Регионална библиотека "Любен Каравелов" Русе Отдел Изкуство - подръчен фонд 1984-01-01 Отдел Изкуство - подръчен фонд 2.95 410633 792(092)/Б 32 410633 8 1.51 N: стар фонд Дата: 01.01.1984 Дата инв: 05.04.2017 Бележки инв: ИП2017 Книги
Изтеглен Не е изгубен   Не е повреден без рестрикции заемане за дома 186735 Регионална библиотека "Любен Каравелов" Русе Регионална библиотека "Любен Каравелов" Русе Отчислена 1984-01-01 Отдел Изкуство - подръчен фонд 0.00 410638 ИП 792(092)/Б 32 410638 9 0.00 N: стар фонд Дата: 01.01.1984 Книги
Vip Innovations Ltd, Rousse, Bulgaria 2025